Délmagyarország. - 1975. augusztus 13., Szerda
Elmentve itt :
| Dokumentumtípus: | Újság |
|---|---|
| Megjelent: |
1975-08-13
|
| Sorozat: | Délmagyarország
65 No. 189 |
| Online Access: | http://dmarchiv.bibl.u-szeged.hu/19657 |
| LEADER | 00490nas a2200145 i 4500 | ||
|---|---|---|---|
| 001 | delm19657 | ||
| 005 | 20200415080831.0 | ||
| 008 | 171215s1975 hu n o 0|| hun d | ||
| 022 | |a 0133-025X | ||
| 040 | |a SZTE Délmagyarország Archívum |b hun | ||
| 041 | |a hun | ||
| 245 | 0 | 0 | |a Délmagyarország. - 1975. augusztus 13., Szerda |h [elektronikus dokumentum] |
| 260 | |c 1975-08-13 | ||
| 490 | 0 | |a Délmagyarország |v 65 No. 189 | |
| 856 | 4 | 0 | |u http://dmarchiv.bibl.u-szeged.hu/19657/1/dm_1975_189.pdf |z Dokumentum-elérés |